000 01240cam a2200337 i 4500
999 _c523412
_d523412
001 18913221
003 NUST
005 20190221054655.0
008 151221s2016 caua b 001 0 eng
010 _a 2015036435
020 _a9781626566774 (hardcover)
038 _awaseem
040 _aDLC
_beng
_cDLC
_erda
_dDLC
042 _apcc
050 0 0 _aHF5549.5.P35
_bC43 2016
082 0 0 _a658.312
_223
_bCHA
100 1 _aChandler, M. Tamra,
_eauthor.
_913685
245 1 0 _aHow performance management is killing performance and what to do about it :
_brethink, redesign, reboot /
_cM. Tamra Chandler.
250 _aFirst Edition.
264 1 _aOakland, CA :
_bBerrett-Koehler Publishers, a BK Business book,
_c[2016]
300 _axvi, 233 pages :
_billustrations ;
_c25 cm
336 _atext
_2rdacontent
337 _aunmediated
_2rdamedia
338 _avolume
_2rdacarrier
504 _aIncludes bibliographical references (pages 213-224) and index.
650 0 _aPerformance
_xManagement.
_913686
650 0 _aOrganizational effectiveness.
_94213
906 _a7
_bcbc
_corignew
_d1
_eecip
_f20
_gy-gencatlg
942 _2ddc
_cBK